000 00565nam a2200169 i 4500
001 25390
003 ES-MaACL
005 20250407063101.0
007 t|
008 021226s1934 sp ||||1| spa d
100 1 _aArguedas, Alcides,
_d1879-1946
_922706
245 1 3 _aLa danza de las sombras
_b: (apuntes sobre cosas, gentes y gentezuelas de la América española) /
_cAlcides Arguedas.
260 _aBarcelona :
_b[s.n.,
_c1934] (
_fSubs. de López Robert y Cía)
300 _a424 p. ;
_c21 cm.
852 _aES-MaACL
_jA-2822
999 _c25390
_d25390